[Event "Cto España Primera"]
[Site "Sanxenxo"]
[Date "????.??.??"]
[Round "1.3"]
[White "Luis Comas"]
[Black "Pomes"]
[Result "1/2-1/2"]
[WhiteElo "2503"]
[BlackElo "2375"]
[PlyCount "90"]
[EventDate "2003.??.??"]
[SourceDate "2003.01.01"]

1. d4 d5 2. c4 c6 3. Nc3 Nf6 4. e3 Bf5 5. cxd5 Nxd5 6. Bc4 e6 7. Nge2 Nd7 8.
O-O N7b6 9. Bb3 Nf6 10. f3 Be7 11. e4 Bg6 12. Be3 O-O 13. Qe1 Re8 14. Qf2 Bf8
15. h3 Nbd7 16. Nf4 Qa5 17. e5 Nd5 18. Ncxd5 exd5 19. Nxg6 fxg6 20. f4 Be7 21.
Qf3 Nf8 22. f5 Qd8 23. Rae1 gxf5 24. Qxf5 Qd7 25. Qf7+ Kh8 26. Qh5 Qe6 27. Bc2
g6 28. Qh6 Qg8 29. Qf4 Ne6 30. Qg4 Bf8 31. h4 Ng7 32. Bh6 Ne6 33. Bxf8 Rxf8 34.
Rf6 Ng7 35. Ref1 Nh5 36. R6f3 Rxf3 37. Qxf3 Qe6 38. g4 Ng7 39. Qf8+ Rxf8 40.
Rxf8+ Qg8 41. Rxg8+ Kxg8 42. Kf2 Ne6 43. Ke3 Kf7 44. b4 Ke7 45. Bd3 b5 1/2-1/2

[Event "Cto España Primera"]
[Site "Sanxenxo"]
[Date "????.??.??"]
[Round "1.2"]
[White "Pablo Mari, Alejandro"]
[Black "Nijboer, Friso"]
[Result "0-1"]
[WhiteElo "2577"]
[BlackElo "2413"]
[PlyCount "62"]
[EventDate "2003.??.??"]
[SourceDate "2003.01.01"]

1. e4 c5 2. Nf3 Nc6 3. d4 cxd4 4. Nxd4 Nf6 5. Nc3 d6 6. Bc4 Qb6 7. Nb3 e6 8.
O-O Be7 9. Bg5 a6 10. Kh1 Ne5 11. Bd3 Bd7 12. f4 Nxd3 13. cxd3 h6 14. Bxf6 Bxf6
15. Rc1 O-O 16. Qh5 Rac8 17. e5 Be7 18. Rce1 f5 19. Qe2 dxe5 20. fxe5 a5 21.
Rb1 a4 22. Nd2 Qa6 23. Rbc1 a3 24. bxa3 Bxa3 25. Rc2 Bb4 26. Ndb1 Bc6 27. Rb2
Bc5 28. Qc2 Bd4 29. Qb3 Kh8 30. Rd2 f4 31. Ne4 Bxe4 0-1

[Event "Cto España Primera"]
[Site "Sanxenxo"]
[Date "????.??.??"]
[Round "1.5"]
[White "García Castro, Pablo"]
[Black "Kogan, Artur"]
[Result "0-1"]
[WhiteElo "2356"]
[BlackElo "2566"]
[PlyCount "49"]
[EventDate "2003.??.??"]
[SourceDate "2003.01.01"]

1. g3 e5 2. Bg2 d6 3. e4 Nc6 4. Ne2 f5 5. d3 Nf6 6. O-O g6 7. c4 Bg7 8. Nbc3
O-O 9. Rb1 a5 10. a3 Be6 11. Nd5 Qd7 12. b4 axb4 13. axb4 fxe4 14. dxe4 Rab8
15. b5 Na5 16. Qd3 c6 17. Ne3 Ng4 18. Rb4 cxb5 19. cxb5 Nxe3 20. Bxe3 Rbc8 21.
Rfb1 Nc4 22. Nc3 Qf7 23. Ra4 h5 24. Ra7 Nxe3 25. Qxe3 0-1

[Event "Cto España Primera"]
[Site "Sanxenxo"]
[Date "????.??.??"]
[Round "1.6"]
[White "Gil Capape, Javier"]
[Black "Alonso Martinez, Tomas"]
[Result "1-0"]
[WhiteElo "2444"]
[BlackElo "2165"]
[PlyCount "39"]
[EventDate "2003.??.??"]
[SourceDate "2003.01.01"]

1. d4 c5 2. d5 Nf6 3. Nc3 Na6 4. e4 d6 5. Bg5 Nc7 6. f4 g6 7. Bc4 h6 8. Bh4 Bg7
9. e5 Nh5 10. Qd2 dxe5 11. fxe5 Bxe5 12. Nf3 Bf6 13. Bf2 b6 14. h3 g5 15. O-O-O
Bg7 16. g4 Nf4 17. Bg3 O-O 18. h4 f6 19. Bxf4 gxf4 20. d6+ 1-0

[Event "Cto España Primera"]
[Site "Sanxenxo"]
[Date "????.??.??"]
[Round "1.7"]
[White "Pita-Romero Rodriguez, Rafael"]
[Black "Ramo Frontiñan, Cristobal"]
[Result "0-1"]
[WhiteElo "2099"]
[BlackElo "2317"]
[PlyCount "78"]
[EventDate "2003.??.??"]
[SourceDate "2003.01.01"]

1. e4 c6 2. d4 g6 3. Nc3 d5 4. e5 Bg7 5. Be3 f6 6. f4 Nh6 7. Nf3 O-O 8. Bd3 Bg4
9. Qd2 Kh8 10. O-O-O fxe5 11. fxe5 Nf5 12. h3 Bxf3 13. gxf3 c5 14. Bxf5 Rxf5
15. dxc5 Rxf3 16. Qe2 Qf8 17. Rhf1 Rxf1 18. Rxf1 Qd8 19. Qb5 Qd7 20. Qxd7 Nxd7
21. Rf7 Nxe5 22. Rxe7 Nc6 23. Rxg7 Kxg7 24. Nxd5 a5 25. c4 Re8 26. a3 Re4 27.
b3 a4 28. b4 Rxc4+ 29. Kd2 Kf7 30. Nb6 Rh4 31. Nc8 Ke6 32. b5 Na5 33. Kc3 Rxh3
34. Kb4 Rxe3 35. Kxa5 Rxa3 36. Nd6 Rc3 37. Kb4 Rd3 38. Nxb7 a3 39. c6 a2 0-1

[Event "Cto España Primera"]
[Site "Sanxenxo"]
[Date "????.??.??"]
[Round "1.11"]
[White "Rodriguez Guerrero, Enrique"]
[Black "Carrasco Martinez, Juan M."]
[Result "0-1"]
[WhiteElo "2485"]
[BlackElo "2370"]
[PlyCount "75"]
[EventDate "2003.??.??"]
[SourceDate "2003.01.01"]

1. e4 e6 2. d4 d5 3. Nc3 Bb4 4. e5 c5 5. a3 Bxc3+ 6. bxc3 Ne7 7. Qg4 O-O 8. Bd3
f5 9. exf6 Rxf6 10. Bg5 Rf7 11. Qh5 g6 12. Qd1 Nbc6 13. Nf3 Qa5 14. Qd2 cxd4
15. cxd4 Qxd2+ 16. Bxd2 Bd7 17. Rb1 b6 18. c3 Kg7 19. h4 h6 20. Ke2 Raf8 21.
Rbf1 Nf5 22. Ne5 Nxe5 23. dxe5 d4 24. c4 Bc6 25. Rfg1 Bb7 26. Rh3 Ba6 27. g4
Ne7 28. f4 Nc6 29. h5 g5 30. fxg5 hxg5 31. Bxg5 Nxe5 32. Bh4 Rf3 33. h6+ Kh8
34. Rgg3 Rxd3 35. Rxd3 Bxc4 36. Kd2 Nxd3 37. Rxd3 Bxd3 38. Kxd3 0-1

[Event "Cto España Primera"]
[Site "Sanxenxo"]
[Date "????.??.??"]
[Round "1.13"]
[White "De la Riva Aguado, Oscar"]
[Black "Roa Alonso, Santiago"]
[Result "1-0"]
[WhiteElo "2549"]
[BlackElo "2352"]
[PlyCount "67"]
[EventDate "2003.??.??"]
[SourceDate "2003.01.01"]

1. e4 d6 2. d4 Nf6 3. Nc3 g6 4. Nf3 Bg7 5. Be3 O-O 6. Qd2 c6 7. Bh6 Qa5 8. Bd3
e5 9. Bxg7 Kxg7 10. h3 Nbd7 11. O-O Qb6 12. dxe5 dxe5 13. Na4 Qd8 14. Qc3 Qe7
15. b4 Re8 16. Nb2 Nh5 17. a4 Nf4 18. Rfe1 a5 19. bxa5 Qc5 20. Nc4 f6 21. Bf1
Nf8 22. Rab1 N4e6 23. Red1 Rd8 24. Rxd8 Nxd8 25. Qd2 Be6 26. Nb6 Rb8 27. a6
bxa6 28. a5 Nf7 29. Na4 Qa7 30. Rxb8 Qxb8 31. Bxa6 Nd7 32. Qc3 Qd6 33. Bd3 c5
34. Bb5 1-0

[Event "Cto España Primera"]
[Site "Sanxenxo"]
[Date "????.??.??"]
[Round "1.14"]
[White "Spitzer Isbert, Ramon"]
[Black "Oms Pallisse, Jose"]
[Result "0-1"]
[WhiteElo "2129"]
[BlackElo "2498"]
[PlyCount "52"]
[EventDate "2003.??.??"]
[SourceDate "2003.01.01"]

1. e4 c5 2. Nf3 Nc6 3. d4 cxd4 4. Nxd4 Qc7 5. Nc3 e6 6. g3 a6 7. Bg2 Nf6 8. O-O
h6 9. Re1 Nxd4 10. Qxd4 Bc5 11. Qd3 Ng4 12. Re2 d6 13. b3 Bd7 14. Bb2 O-O 15.
Rd1 Rad8 16. Qf3 f5 17. exf5 Nxf2 18. Rxf2 Rxf5 19. Qg4 Rxf2 20. Kh1 Rf7 21.
Ne4 Rdf8 22. Qg6 e5 23. g4 Rf4 24. Nxd6 R4f6 25. Bd5+ Kh8 26. Nf7+ R8xf7 0-1

[Event "Cto España Primera"]
[Site "Sanxenxo"]
[Date "????.??.??"]
[Round "1.16"]
[White "Montolio Benedicto, Cesar"]
[Black "Garecia Paolicchi, Raul"]
[Result "1/2-1/2"]
[WhiteElo "2075"]
[BlackElo "2273"]
[PlyCount "63"]
[EventDate "2003.??.??"]
[SourceDate "2003.01.01"]

1. e4 c5 2. Nf3 e6 3. d4 cxd4 4. Nxd4 a6 5. Be2 Nf6 6. Nc3 d6 7. Be3 Qc7 8. O-O
b5 9. f3 Be7 10. a4 b4 11. Nb1 O-O 12. c3 d5 13. cxb4 Bxb4 14. exd5 Nxd5 15.
Bf2 Bb7 16. Na3 e5 17. Ndc2 Bc5 18. Qe1 Nd7 19. Nc4 Nf4 20. Bxc5 Qxc5+ 21. N2e3
Rab8 22. Kh1 Bc6 23. Qd2 Qb4 24. Qxb4 Rxb4 25. Bd1 f6 26. Bc2 Nc5 27. Ra3 Rd8
28. Rfa1 g6 29. Kg1 Ne2+ 30. Kf2 Nd4 31. Bd1 Rc8 32. Kf1 1/2-1/2

[Event "Cto España Primera"]
[Site "Sanxenxo"]
[Date "????.??.18"]
[Round "1.17"]
[White "Galego, Luis"]
[Black "Del Barrio Gomez, Jesus M."]
[Result "1-0"]
[WhiteElo "2488"]
[BlackElo "2306"]
[PlyCount "37"]
[EventDate "2003.??.??"]
[SourceDate "2003.01.01"]

1. e4 e6 2. d4 d5 3. exd5 exd5 4. Nf3 Bg4 5. Nc3 Bb4 6. h3 Qe7+ 7. Be3 Bxf3 8.
Qxf3 Nf6 9. Bd3 Ne4 10. O-O Nxc3 11. bxc3 Bxc3 12. Rab1 c6 13. Qf5 Na6 14. Rb3
Ba5 15. Bxa6 g6 16. Qd3 bxa6 17. Qxa6 Qd8 18. Qxc6+ Kf8 19. Bg5 1-0

[Event "Cto España Primera"]
[Site "Sanxenxo"]
[Date "????.??.??"]
[Round "1.18"]
[White "Casares Cabanas, Carlos"]
[Black "Herrais Hidalgo, Herminio"]
[Result "0-1"]
[WhiteElo "2173"]
[BlackElo "2499"]
[PlyCount "68"]
[EventDate "2003.??.??"]
[SourceDate "2003.01.01"]

1. e4 e6 2. d4 d5 3. Nc3 Nf6 4. Bg5 Bb4 5. e5 h6 6. Be3 Ne4 7. a3 Bxc3+ 8. bxc3
c5 9. Bd3 Nxc3 10. Qg4 Kf8 11. dxc5 Nc6 12. Nf3 f5 13. exf6 Qxf6 14. Qh5 e5 15.
Bg6 Be6 16. O-O Bf7 17. Nh4 Kg8 18. f4 e4 19. f5 d4 20. Bf4 Re8 21. Rae1 e3 22.
Bg3 Ne4 23. Rf3 Nxc5 24. Bxf7+ Qxf7 25. Ng6 Kh7 26. Qh3 Rhg8 27. Bf4 Ne4 28. g4
Ne7 29. Ne5 Qf6 30. Nd7 Qc6 31. f6 Nf2 32. Rxf2 exf2+ 33. Kxf2 Ng6 34. f7 Qxc2+
0-1

[Event "Cto España Primera"]
[Site "Sanxenxo"]
[Date "????.??.??"]
[Round "1.19"]
[White "Damaso , Rui"]
[Black "Torrado Quintela, Julio"]
[Result "1-0"]
[WhiteElo "2460"]
[BlackElo "2107"]
[PlyCount "49"]
[EventDate "2003.??.??"]
[SourceDate "2003.01.01"]

1. d4 g6 2. e4 Bg7 3. Nf3 c6 4. c3 d5 5. Nbd2 Nd7 6. Bd3 dxe4 7. Nxe4 Ngf6 8.
O-O O-O 9. Re1 Qc7 10. Bg5 h6 11. Bd2 Kh7 12. Ng3 Nb6 13. Ne5 Bd7 14. h4 Be8
15. h5 Nbd7 16. Nxf7 Bxf7 17. hxg6+ Bxg6 18. Bxg6+ Kxg6 19. Rxe7 Kh7 20. Qc2+
Kh8 21. Qg6 Rg8 22. Nf5 Bf8 23. Qxf6+ Nxf6 24. Rxc7 Rg6 25. Re1 1-0

[Event "Cto España Primera"]
[Site "Sanxenxo"]
[Date "????.??.??"]
[Round "1.23"]
[White "Lacasa Diaz, Jose A."]
[Black "Patiño Romaris, Juan Roberto"]
[Result "1-0"]
[WhiteElo "2413"]
[BlackElo "2284"]
[PlyCount "69"]
[EventDate "2003.??.??"]
[SourceDate "2003.01.01"]

1. e4 e6 2. d4 d5 3. Nc3 Bb4 4. e5 Ne7 5. a3 Bxc3+ 6. bxc3 c5 7. Qg4 Kf8 8. Bd2
Qa5 9. a4 c4 10. Nh3 Bd7 11. Nf4 Bxa4 12. Nh5 Rg8 13. Be2 Nbc6 14. O-O b5 15.
Ra2 Nf5 16. Rd1 Qd8 17. Bg5 Qd7 18. Qh3 a5 19. g4 Nfe7 20. f4 Rb8 21. Kh1 b4
22. Rxa4 Nxd4 23. Bxe7+ Kxe7 24. Rxa5 Nxe2 25. Rda1 Nxc3 26. Nxg7 Nb5 27. Qh6
d4 28. Qf6+ Kf8 29. Rxb5 Qc6+ 30. Kg1 Rxb5 31. Nxe6+ Qxe6 32. Ra8+ Qe8 33. Qd6+
Kg7 34. Qf6+ Kf8 35. Qh6+ 1-0

[Event "Cto España Primera"]
[Site "Sanxenxo"]
[Date "????.??.??"]
[Round "1.26"]
[White "Flear , Glenn"]
[Black "Gaya Llodra, Juan"]
[Result "1-0"]
[WhiteElo "2516"]
[BlackElo "2246"]
[PlyCount "109"]
[EventDate "2003.??.??"]
[SourceDate "2003.01.01"]

1. d4 Nf6 2. c4 g6 3. Nc3 d5 4. cxd5 Nxd5 5. Bd2 Bg7 6. e4 Nxc3 7. Bxc3 O-O 8.
h3 c5 9. d5 Bxc3+ 10. bxc3 e6 11. d6 Qf6 12. Qd2 Qe5 13. Qd3 f5 14. Nf3 fxe4
15. Nxe5 exd3 16. Bxd3 Nd7 17. Nf3 Nf6 18. O-O Rd8 19. Rad1 Rxd6 20. Bc4 Rxd1
21. Rxd1 Nd5 22. Ng5 Bd7 23. Nxe6 Bxe6 24. Bxd5 Bxd5 25. Rxd5 b6 26. Rd7 a6 27.
Rb7 b5 28. Rd7 c4 29. Kf1 Re8 30. Rd6 a5 31. Rd5 Rb8 32. Rc5 Kf7 33. Ke2 Rb7
34. Ke3 Ke6 35. f3 a4 36. Ke4 b4 37. cxb4 Rxb4 38. a3 Rb3 39. Rxc4 Rxa3 40.
Rc6+ Kd7 41. Ra6 Ra2 42. g4 a3 43. Kf4 Ke8 44. Kg5 Rh2 45. Ra8+ Kf7 46. Ra7+
Ke6 47. Rxh7 a2 48. Ra7 Rxh3 49. f4 Rh2 50. Kxg6 Rf2 51. g5 Rxf4 52. Rxa2 Ke7
53. Ra7+ Kf8 54. Ra8+ Ke7 55. Kh6 1-0

[Event "Cto España Primera"]
[Site "Sanxenxo"]
[Date "????.??.??"]
[Round "1.26"]
[White "Pont Mulet, Antonio"]
[Black "Rodriguez Cespedes, Amador"]
[Result "1/2-1/2"]
[WhiteElo "2215"]
[BlackElo "2482"]
[PlyCount "85"]
[EventDate "2003.??.??"]
[SourceDate "2003.01.01"]

1. e4 c5 2. c3 d5 3. exd5 Qxd5 4. d4 Nf6 5. Nf3 e6 6. Bd3 Be7 7. O-O cxd4 8.
Nxd4 O-O 9. Qf3 Qxf3 10. Nxf3 Nbd7 11. Bg5 h6 12. Bh4 b6 13. Nbd2 Bb7 14. Be4
Nxe4 15. Bxe7 Rfe8 16. Ba3 Nxd2 17. Nxd2 Ne5 18. Rfd1 Rad8 19. b3 b5 20. Nf1
Nd3 21. Ne3 f5 22. f3 a5 23. Rd2 Ne5 24. Rad1 Rxd2 25. Rxd2 Bxf3 26. Bd6 Rd8
27. Nf1 Nf7 28. Bc7 Rc8 29. Bxa5 Bc6 30. c4 bxc4 31. bxc4 Be4 32. Ne3 Kh7 33.
Bb6 f4 34. Rd4 Ng5 35. Ng4 Ra8 36. h4 Bf5 37. hxg5 Bxg4 38. Rxf4 Bf5 39. gxh6
gxh6 40. c5 Rxa2 41. c6 Rc2 42. c7 h5 43. Ba5 1/2-1/2

[Event "Cto España Primera"]
[Site "Sanxenxo"]
[Date "????.??.??"]
[Round "1.28"]
[White "Barcelo Pujadas, Pedro Jose"]
[Black "Gonzalez De La Torre, Santiago"]
[Result "0-1"]
[WhiteElo "2202"]
[BlackElo "2365"]
[PlyCount "140"]
[EventDate "2003.??.??"]
[SourceDate "2003.01.01"]

1. d4 d5 2. Nf3 Nf6 3. g3 Bf5 4. Bg2 e6 5. O-O h6 6. c4 c6 7. Nc3 Nbd7 8. cxd5
exd5 9. Bf4 Be7 10. Ne5 O-O 11. Qb3 Qb6 12. Qxb6 axb6 13. Nxd7 Bxd7 14. f3 b5
15. a3 Be6 16. Rfd1 Rfe8 17. Bd2 Bf8 18. Na2 Bf5 19. Re1 Re6 20. Rac1 Rae8 21.
Kf2 Nd7 22. Bb4 Nb6 23. Bxf8 Kxf8 24. Nc3 Nc4 25. e4 Nxb2 26. Bf1 dxe4 27. fxe4
Bxe4 28. Nxe4 Rxe4 29. Rxe4 Rxe4 30. d5 Nc4 31. dxc6 bxc6 32. a4 Ke7 33. Bg2
Re6 34. axb5 cxb5 35. Bd5 Rf6+ 36. Ke2 Nd6 37. Rc7+ Kd8 38. Ra7 Rf5 39. Bb3
Re5+ 40. Kd3 Re7 41. Ra8+ Kc7 42. Bd5 Kb6 43. g4 Kc5 44. Bb3 Nc4 45. Rc8+ Kb4
46. Bxc4 Rd7+ 47. Kc2 bxc4 48. Rb8+ Kc5 49. Rg8 f6 50. Kc3 Rd3+ 51. Kc2 Rh3 52.
Rxg7 Rxh2+ 53. Kc3 Rh3+ 54. Kc2 Kd4 55. Rd7+ Ke5 56. Rc7 c3 57. Rc5+ Ke6 58.
Rc7 Ke5 59. Rc4 Rg3 60. Rc6 Rxg4 61. Kxc3 Re4 62. Kd3 f5 63. Rxh6 Kf4 64. Rh4+
Kf3 65. Rh3+ Kf2 66. Rh5 Re3+ 67. Kd2 f4 68. Rh2+ Kg3 69. Rh8 Re7 70. Rg8+ Kf2
0-1

[Event "Cto España Primera"]
[Site "Sanxenxo"]
[Date "????.??.??"]
[Round "1.29"]
[White "Bernal Moro, Luis Javier"]
[Black "Conquest, Stuart"]
[Result "0-1"]
[WhiteElo "2410"]
[BlackElo "2545"]
[PlyCount "78"]
[EventDate "2003.??.??"]
[SourceDate "2003.01.01"]

1. d4 e6 2. Nf3 Nf6 3. c4 b6 4. e3 Bb7 5. Bd3 g6 6. Nc3 c5 7. e4 cxd4 8. Nxd4
d6 9. O-O Nbd7 10. Re1 a6 11. Nf3 Qc7 12. Bf4 Nh5 13. Bg5 Bg7 14. Bf1 h6 15.
Be3 Rd8 16. Nd4 O-O 17. Rc1 Kh7 18. f3 Qb8 19. Qd2 Rfe8 20. Kh1 Ne5 21. Qf2 Nf6
22. Nb3 Nfd7 23. Bxb6 Nxb6 24. Qxb6 Nd7 25. Qf2 Be5 26. g3 Rc8 27. Red1 h5 28.
Bg2 Rxc4 29. Na5 Rc7 30. Nxb7 Rxb7 31. b3 Rc7 32. Ne2 Rxc1 33. Rxc1 Rc8 34. f4
Bg7 35. Qe3 Nf6 36. h3 Rxc1+ 37. Qxc1 Qb4 38. Qc3 Qb6 39. Qd4 Qa5 0-1

[Event "Cto España Primera"]
[Site "Sanxenxo"]
[Date "????.??.??"]
[Round "1.30"]
[White "De la Villa Garcia, Jesus Maria"]
[Black "Alvarez Ibarra, Rafael"]
[Result "1/2-1/2"]
[WhiteElo "2477"]
[BlackElo "2421"]
[PlyCount "81"]
[EventDate "2003.??.??"]
[SourceDate "2003.01.01"]

1. e4 e5 2. Nf3 Nc6 3. Bb5 Nf6 4. O-O d6 5. Re1 Bd7 6. c3 Be7 7. d4 O-O 8. d5
Nb8 9. Bxd7 Nbxd7 10. c4 h6 11. Nc3 Nh7 12. g3 Bg5 13. Nxg5 Nxg5 14. Kg2 Nh7
15. Qc2 Qf6 16. Be3 Qg6 17. h3 a6 18. Rac1 f5 19. exf5 Qxf5 20. Qxf5 Rxf5 21.
a3 Rff8 22. b4 Nhf6 23. Rc2 Rfc8 24. Rd1 c6 25. c5 Kf7 26. dxc6 Rxc6 27. Rcd2
dxc5 28. Rxd7+ Nxd7 29. Rxd7+ Ke6 30. Rxb7 cxb4 31. Na2 bxa3 32. Rb3 a5 33.
Rxa3 a4 34. Nc3 Rc4 35. g4 e4 36. h4 Ke5 37. h5 Ra6 38. Kg3 Ra8 39. Bf4+ Kd4
40. Be3+ Ke5 41. Bf4+ 1/2-1/2

[Event "Cto España Primera"]
[Site "Sanxenxo"]
[Date "????.??.??"]
[Round "1.31"]
[White "Mate Adan, Jose"]
[Black "Sion Castro, Marcelino"]
[Result "1-0"]
[WhiteElo "2188"]
[BlackElo "2390"]
[PlyCount "70"]
[EventDate "2003.??.??"]
[SourceDate "2003.01.01"]

1. d4 Nf6 2. Nc3 e6 3. Bg5 d5 4. e3 h6 5. Bh4 c5 6. Nf3 a6 7. Be2 Nc6 8. O-O
cxd4 9. exd4 Be7 10. Re1 O-O 11. Ne5 Bd7 12. a3 Qc7 13. Nxc6 Bxc6 14. Bd3 b5
15. Bg3 Qb7 16. Ne2 b4 17. a4 Qd7 18. b3 Ne4 19. Be5 f6 20. Bg3 g5 21. f3 Nd6
22. Kf2 Qa7 23. Kf1 Kg7 24. Bf2 Be8 25. Ng3 Bf7 26. f4 Qd7 27. Qe2 gxf4 28.
Qg4+ Kh8 29. Qxf4 Kg7 30. Qg4+ Kh8 31. Nh5 Rg8 32. Qf4 Rg5 33. Nxf6 Qd8 34. Ng4
h5 35. Ne5 Bg8 1-0

[Event "Cto España Primera"]
[Site "Sanxenxo"]
[Date "????.??.??"]
[Round "1.32"]
[White "Navarro Cia, Miguel"]
[Black "Rodriguez Amezqueta, Carlos"]
[Result "1-0"]
[WhiteElo "2337"]
[BlackElo "2056"]
[PlyCount "61"]
[EventDate "2003.??.??"]
[SourceDate "2003.01.01"]

1. e4 e6 2. d4 d5 3. Nc3 Bb4 4. e5 c5 5. Bd2 Ne7 6. f4 Nf5 7. Nf3 cxd4 8. Nb5
Bxd2+ 9. Qxd2 O-O 10. Nbxd4 Nxd4 11. Nxd4 Nc6 12. O-O-O Nxd4 13. Qxd4 Qa5 14.
Kb1 Bd7 15. h4 Rfc8 16. h5 Bb5 17. h6 Bxf1 18. Rhxf1 Rc4 19. Qd3 g6 20. g4 Qc7
21. Rde1 Rc8 22. Re2 Qc5 23. f5 Rf4 24. Qh3 Re4 25. Qf3 Rxe2 26. Qxe2 Qc4 27.
Qf2 Qxg4 28. fxg6 Qf5 29. gxf7+ Kf8 30. Qg2 Rxc2 31. Qg7+ 1-0

[Event "Cto España Primera"]
[Site "?"]
[Date "????.??.??"]
[Round "2.6"]
[White "Alonso Martinez, Tomas"]
[Black "Comas Fabrego, Luis"]
[Result "0-1"]
[WhiteElo "2165"]
[BlackElo "2502"]
[PlyCount "88"]
[SourceDate "2003.01.01"]

1. c4 e6 2. g3 d5 3. cxd5 exd5 4. d4 c6 5. Bg2 Nf6 6. Nc3 Be7 7. Nf3 Bf5 8. O-O
O-O 9. a3 Nbd7 10. b4 Ne4 11. Qb3 Bf6 12. Rd1 Nxc3 13. Qxc3 Re8 14. e3 Be4 15.
Bb2 Nb6 16. Nd2 Na4 17. Qb3 Bxg2 18. Kxg2 b5 19. Rac1 Re6 20. Rc2 Nb6 21. Qd3
Nc4 22. Bc1 Be7 23. Nb3 a5 24. Nxa5 Nxa5 25. bxa5 Rxa5 26. Bb2 Ra4 27. h3 Qa8
28. Rc3 Bf8 29. Rdc1 Rc4 30. Kh2 g6 31. Rb3 f5 32. Rbc3 h5 33. h4 Kh7 34. Qc2
Re7 35. a4 Ra7 36. axb5 cxb5 37. Qb3 Qc6 38. Ra1 Rxa1 39. Bxa1 b4 40. Rd3 Rc2
41. Kg2 Qc4 42. Kf3 Kg8 43. Kg2 Kf7 44. Bb2 Rxb2 0-1

[Event "Cto España Primera"]
[Site "?"]
[Date "????.??.??"]
[Round "2.9"]
[White "Khamrakulov, Ibragim"]
[Black "Roa Alonso, Santiago"]
[Result "1/2-1/2"]
[WhiteElo "2464"]
[BlackElo "2352"]
[PlyCount "135"]
[SourceDate "2003.01.01"]

1. e4 e5 2. Nf3 Nc6 3. d4 exd4 4. Nxd4 Bc5 5. Nb3 Be7 6. Bf4 d6 7. Nc3 Bf6 8.
Qd2 Nge7 9. O-O-O O-O 10. f3 a5 11. Bb5 Be6 12. Bg5 Bxc3 13. Qxc3 Nb4 14. Kb1
Nxa2 15. Kxa2 a4 16. Kb1 axb3 17. cxb3 f6 18. Be3 Nc6 19. Bc4 Qe7 20. Bxe6+
Qxe6 21. Qc4 Rfe8 22. Qxe6+ Rxe6 23. Rd5 Ra5 24. Bd2 Ra7 25. Rc1 Re8 26. Be3
Raa8 27. Rb5 Rab8 28. b4 Rec8 29. Ka2 Kf7 30. Kb3 Ke6 31. Rd5 Kd7 32. h4 Re8
33. Bf4 b6 34. Rd2 Rbc8 35. Bg3 Ne5 36. Rcd1 Nf7 37. Rd5 Re6 38. b5 Ra8 39. Rc1
Ree8 40. Rcd1 Re6 41. Rh5 h6 42. Rhd5 Ree8 43. Bf4 Re6 44. Rh1 Re7 45. Rhd1 Re6
46. Kc3 Ra4 47. Kb3 Ra8 48. Bd2 Ree8 49. Bc3 Ne5 50. Rh1 Ng6 51. g4 Ne5 52. f4
Ng6 53. g5 Nxf4 54. Rf5 Ne2 55. Rh3 Nxc3 56. bxc3 hxg5 57. hxg5 Rxe4 58. gxf6
gxf6 59. Rxf6 Rae8 60. Rh7+ R8e7 61. Rfh6 Rxh7 62. Rxh7+ Re7 63. Rh5 c6 64.
bxc6+ Kxc6 65. Rg5 d5 66. Rg8 Re3 67. Kb4 Re4+ 68. Kb3 1/2-1/2

[Event "Cto España Primera"]
[Site "?"]
[Date "????.??.??"]
[Round "2.10"]
[White "Spitzer Isbert, Ramon"]
[Black "Perez Candelario, Manuel"]
[Result "0-1"]
[WhiteElo "2129"]
[BlackElo "2463"]
[PlyCount "74"]
[SourceDate "2003.01.01"]

1. Nf3 d5 2. d4 Nf6 3. Bg5 e6 4. Nbd2 h6 5. Bh4 Nbd7 6. e3 g5 7. Bg3 Nh5 8. Be5
Nxe5 9. Nxe5 Nf6 10. h4 Rg8 11. hxg5 hxg5 12. Be2 Qe7 13. c3 Bd7 14. Qb3 O-O-O
15. O-O-O Be8 16. Rh2 Kb8 17. Nd3 Ka8 18. Rdh1 Bg7 19. Kb1 Nd7 20. c4 c6 21.
cxd5 exd5 22. Qc2 Bxd4 23. Rh6 Bb6 24. Bf3 f6 25. Rh7 Qd6 26. Bh5 Bxh5 27.
R1xh5 Qe6 28. Ka1 Qf5 29. Qc3 Nf8 30. Rh8 Ne6 31. Rxg8 Rxg8 32. Rh1 Rd8 33. Nb3
a6 34. a3 d4 35. exd4 Nxd4 36. Nxd4 Bxd4 37. Qc4 Qxd3 0-1

[Event "Cto España Primera"]
[Site "?"]
[Date "????.??.??"]
[Round "2.12"]
[White "Montolio Benedicto, Cesar"]
[Black "Andrada Andrada, Luis Javier"]
[Result "0-1"]
[WhiteElo "2075"]
[BlackElo "2296"]
[PlyCount "84"]
[SourceDate "2003.01.01"]

1. e4 c5 2. Nf3 d6 3. d4 cxd4 4. Nxd4 Nf6 5. Nc3 g6 6. Be2 Bg7 7. Be3 Nc6 8.
O-O O-O 9. Nxc6 bxc6 10. Qd2 Re8 11. f3 Qa5 12. Nd1 Qc7 13. Bd4 e5 14. Bf2 d5
15. Nc3 Be6 16. Bd3 d4 17. Na4 c5 18. c4 Nh5 19. b3 Nf4 20. Nb2 f5 21. Bc2 Bh6
22. Qd1 Nh5 23. Re1 f4 24. Nd3 Bf8 25. Kf1 g5 26. h4 gxh4 27. Bxh4 Qg7 28. Qd2
Kh8 29. Qf2 Be7 30. Bxe7 Ng3+ 31. Qxg3 fxg3 32. Bxc5 Rac8 33. Bd6 Bd7 34. Ke2
Re6 35. Bb4 Rh6 36. Rh1 Rh2 37. Rag1 Qh6 38. Bd2 Rxh1 39. Bxh6 Rxg1 40. Ne1 Rc6
41. Bg5 Bh3 42. gxh3 g2 0-1

[Event "Cto España Primera"]
[Site "?"]
[Date "????.??.??"]
[Round "2.17"]
[White "Strikovic, Alekxa"]
[Black "Perez , Rodney"]
[Result "0-1"]
[WhiteElo "2538"]
[BlackElo "2449"]
[PlyCount "104"]
[SourceDate "2003.01.01"]

1. e4 e5 2. d4 exd4 3. Nf3 Bb4+ 4. c3 dxc3 5. bxc3 Bc5 6. Bc4 d5 7. exd5 Nf6 8.
O-O O-O 9. Bb3 Bg4 10. Bg5 Nbd7 11. Nbd2 Re8 12. Qc2 Be7 13. Rfe1 Bh5 14. c4
Nc5 15. Qc3 h6 16. Bf4 Bxf3 17. Qxf3 Bd6 18. Rxe8+ Qxe8 19. Bc2 Bxf4 20. Qxf4
Qe2 21. Qd4 Re8 22. h3 b6 23. Rc1 Qe5 24. Nf3 Qd6 25. Qd2 Nfe4 26. Bxe4 Nxe4
27. Qe3 Nf6 28. Qb3 Qc5 29. Rc2 Re4 30. g3 Ne8 31. Qa4 a5 32. Kg2 Nd6 33. Qd7
Rxc4 34. Rd2 Qb5 35. Qd8+ Qe8 36. Qxe8+ Nxe8 37. Ne5 Re4 38. Nc6 Kf8 39. Nd4
Nd6 40. Kf3 Re5 41. Nc2 Ke7 42. Ne3 Kd7 43. g4 g6 44. Rd4 b5 45. Kf4 Re8 46. h4
b4 47. Rd2 Ne4 48. Rc2 Nc3 49. Kf3 a4 50. Rd2 Kd6 51. a3 Rxe3+ 52. Kxe3 bxa3
0-1

[Event "Cto España Primera"]
[Site "?"]
[Date "????.??.??"]
[Round "2.19"]
[White "Casares Cabanas, Carlos"]
[Black "Patiño Romaris, Juan Roberto"]
[Result "0-1"]
[WhiteElo "2173"]
[BlackElo "2284"]
[PlyCount "40"]
[SourceDate "2003.01.01"]

1. e4 d5 2. exd5 Nf6 3. d4 Nxd5 4. c4 Nb6 5. Be3 e5 6. Nf3 Bg4 7. h3 Bxf3 8.
Qxf3 exd4 9. Qe4+ Be7 10. Qxd4 Nc6 11. Qe4 O-O 12. Nc3 Bb4 13. Bd3 f5 14. Qe6+
Kh8 15. O-O-O Rf6 16. Bxf5 Rxe6 17. Rxd8+ Nxd8 18. Nd5 Nxd5 19. cxd5 Re5 20. g4
Rxd5 0-1

[Event "Cto España Primera"]
[Site "?"]
[Date "????.??.??"]
[Round "2.20"]
[White "Corona Garcia, Tomas"]
[Black "Braña Lopez, Eduardo"]
[Result "1/2-1/2"]
[WhiteElo "2205"]
[BlackElo "2107"]
[PlyCount "107"]
[SourceDate "2003.01.01"]

1. Nf3 Nf6 2. d4 b5 3. Bg5 Bb7 4. Nbd2 g6 5. e3 a6 6. Bxf6 exf6 7. c3 Bg7 8. a4
bxa4 9. Qxa4 O-O 10. Qb3 Bc8 11. Bc4 Nc6 12. O-O Rb8 13. Qc2 Rb6 14. b4 d6 15.
Ra3 Nb8 16. Rfa1 Qe7 17. Bd3 c5 18. bxc5 dxc5 19. Nc4 Rb7 20. d5 f5 21. Rb1 Rd8
22. Rab3 Rxb3 23. Qxb3 Nd7 24. Na5 Qf6 25. Nc6 Re8 26. c4 Qd6 27. Qa4 Qc7 28.
Nb8 Qa7 29. Bc2 Kf8 30. Nxd7+ Bxd7 31. Qa5 Bc8 32. Ne1 Be5 33. Nd3 Bd6 34. Ba4
Bc7 35. Qxc5+ Qxc5 36. Nxc5 Rd8 37. Nb7 Bxb7 38. Rxb7 Rb8 39. Rxb8+ Bxb8 40.
Kf1 Ba7 41. Ke2 Ke7 42. Kd3 Kd6 43. h4 Bc5 44. Kc3 f4 45. Kd3 Ke5 46. Be8 fxe3
47. fxe3 f5 48. h5 g5 49. Ke2 h6 50. Kf3 a5 51. Bd7 Bb4 52. Ke2 Bc5 53. Kd3 Bb6
54. Bc6 1/2-1/2